000
00284nam a22001337a 4500
008
170630b xxu||||| |||| 00| 0 eng d
020
_a
0679728228
041
_a
eng
080
_a
94
100
_a
16
101
_a
SHH
245
_a
A MAN FOR ALL SEASONS
_c
BOLT,R
942
_2
udc
_c
BK
999
_c
19708
_d
19708